Concelhos de Braga - Statistics

Estatísticas Gerais
  • Esse quiz foi jogado 113 vezes
  • A pontuação média é 11 de 14
Respostas no mapa
Respostas codificadas por cores de uma escala verde-vermelha no mapa do quiz de acordo com a % correta abaixo.
 
Estatísticas das Respostas
Resposta % Correto
Guimarães
100%
Braga
96%
Barcelos
94%
Esposende
86%
Fafe
84%
Vila Verde
84%
Vila Nova de Famalicão
82%
Celorico de Basto
80%
Vizela
78%
Cabeceiras de Basto
76%
Póvoa de Lanhoso
71%
Terras de Bouro
69%
Amares
67%
Vieira do Minho
57%
Nenhum quiz correspondente encontrado
Distribuição das Pontuações
Porcentagem de Pessoas com Cada Pontuação
Percentil de Números Respondidos
Sua Pontuação Histórica
Você não jogou esse quiz